Kpop: nomme les membres de NCT (photo) - Statistiques

Statistiques générales
  • Ce quiz a été pris 544 fois
  • Le résultat moyen est 20 sur 26
Statistiques - réponses
Par images Réponse % Correct
Mark
96%
Yuta
96%
Haechan
94%
Johnny
94%
Ten
93%
Taeyong
91%
Winwin
90%
Doyoung
89%
Jaehyun
89%
Jaemin
87%
Taeil
87%
Jeno
86%
Chenle
85%
Jisung
84%
Renjun
84%
Jungwoo
83%
Hendery
82%
Yangyang
81%
Xiaojun
80%
Kun
74%
Sion
52%
Sakuya
49%
Riku
48%
Yushi
43%
Ryo
42%
Jaehee
41%
Aucun quiz correspondant
Distribution des résultats
% des personnes avec chaque résultat
Percentile par nombre de réponses
Votre historique - résultats
Vous n’avez pas pris ce quiz